000 00412nam a2200181Ia 4500
005 20240823061610.0
008 240823s9999||||xx |||||||||||||| ||und||
041 _aENGLISH
082 _A820 Q6
100 _aAnna Kurien
245 0 _aTexts and their Worlds I
250 _a1st
260 _c2016
_bFoundation
_aNew Delhi
500 _aYES
650 _aEnglish
_bEnglish
942 _cBK
999 _c233904
_d233904